| 000 | 00979nam0a22002531 4500 | ||
|---|---|---|---|
| 001 | rc\4593227 | ||
| 005 | 20260406121252.0 | ||
| 021 |
_aRU _bРг3810-69 |
||
| 021 |
_aRU _b69-5015 |
||
| 035 | _a(NLR Aleph) 008384927 | ||
| 090 |
_a9140961 _c9140961 |
||
| 100 | _a20130416d1968 |||y0rusy50 ca | ||
| 101 | 0 | _arus | |
| 102 | _aRU | ||
| 105 | _ay c ||||| | ||
| 200 | 1 |
_aМетодические указания по диагностике и этапному лечению инфаркта миокарда _eДля врачей лечебно-профилакт. учреждений УД АН СССР _fУпр. делами АН СССР. Лечебно-санаторный отд. |
|
| 210 |
_aМосква _cБ. и. _d1968 |
||
| 215 |
_a16 с. _d20 |
||
| 712 | 0 | 2 |
_aАН СССР _bЛечебно-санаторный отдел _3RU\NLR\AUTH\8813821 _9300713 |
| 801 | 0 |
_aRU _bNLR _gpsbo |
|
| 801 | 1 |
_aRU _bELAR _2rusmarc |
|
| 852 |
_aNLR _j69-4/6131 |
||
| 942 | _cBOOK | ||
| 980 | _aNB | ||